| 000 | 00802cam a22002298a 4500 | ||
|---|---|---|---|
| 005 | 20081106152153.0 | ||
| 008 | 081030s2009 cau b 000 0 eng | ||
| 010 | _aENG-91946 | ||
| 020 |
_a9788178299464 _c695.00 |
||
| 035 | _aEN-75479 | ||
| 037 | _bDBAD /PUB | ||
| 040 |
_adpl _bEnglish |
||
| 082 | _a332 | ||
| 100 | _aSrinivasan, N. | ||
| 245 |
_aMicrofinance India : _bstate of the sector report, 2008 / _cby N. Srinivasan. |
||
| 260 |
_aNew Delhi _bSage Publications _c2009 |
||
| 300 |
_axvi, 155p. _c28cm (pbk) |
||
| 500 | _aIncludes bibliographical references. | ||
| 650 |
_aMicrofinance _zIndia. |
||
| 942 |
_2ddc _cEN _h332 _mSRI |
||
| 999 |
_c19351 _d19351 |
||